| 000 | 01023nam a22002175i 4500 | ||
|---|---|---|---|
| 001 | 156061 | ||
| 003 | ES-MaACL | ||
| 005 | 20230906210316.0 | ||
| 008 | 040727m18831892fr |||| | fre d | ||
| 040 |
_aCAM _bspa _cCAM |
||
| 245 | 0 | 0 |
_aInventaire sommaire des archives du département des affaires étrangères _b: mémoires et documents / _c[Bureau historique de la division des archives ; Ministère des affaires étrangères]. |
| 260 |
_aParis : _b[s.n.], _c1883-1892. |
||
| 300 |
_a2 vol. (VII-472, II-459 p.) ; _c24 cm. |
||
| 505 | 8 | _aT.1, France. - T.2, Fonds divers | |
| 594 | _aSegún consta en v. antep. la obra fue dirigida por el Bureau historique de la division des Archives. | ||
| 610 | 1 | 4 |
_aFrancia. _bDépartement des Affaires Étrangères- _xArchivos- _vInventarios. _9209912 |
| 651 | 4 |
_aFrancia- _xPolítica exterior. _9137182 |
|
| 710 | 1 |
_aFrancia. _bMinistère des Affaires Étrangères. _9134397 |
|
| 852 |
_aES-MaACL _jF-9664-65 _z-- Enc. hol., conservando la cub. original |
||
| 999 |
_c156061 _d156061 |
||